000 01122nam a2200313 a 4500
001 000024189
003 DO-SdBNP
005 20250925082512.0
008 110120s1989 ag r 000 | spa d
020 _a9509122149
040 _aDO-SdBNP
_bspa
_cBNPHU
041 1 7 _aeng
_gspa
_2Código de idioma MARC
049 _aBNGR
082 _a338.542
_bK51m
100 1 _aKindleberger, Charles P.
_949678
240 1 0 _aManias, panics, and crashes.
_lEspañol
245 1 0 _aManías, pánicos y cracs :
_bhistoria de las crisis financieras /
_cCharles P. Kindleberger; traducción de Blanca Ribera de Madariaga.
260 _aBarcelona, (España) :
_bEditorial Ariel,
_c1989.
300 _a288 p. ;
_c23 cm.
490 1 _aAriel Sociedad Económica
500 _aIncluye notas al pie de páginas
534 _aTítulo original :
_tManias, panics, and crashes.
650 7 _aCrisis económica
_99159
_2LEMB
650 0 _aCiclos económicos
_949680
650 4 _aPronóstico de la economía
_949681
700 1 _aRibera de Madariaga, Blanca
_etr.
_949682
830 0 _aAriel Sociedad Económica
_949683
942 _2ddc
_cLBS1
999 _c23683
_d23683